HIMYM QUIZ SEASON 1 Stats

 Plays Quiz not verified by Sporcle

Challenge
Share
Tweet
Embed
Score 0/15 Timer 05:00
0 Plays Today
% Correct
Lily
93%
A wedding.
87.5%
Ted
83.1%
A fiero.
58.5%
San Francisco.
49.9%
Buttercup.
48.7%
A cupcake.
47.9%
Don't go breaking my heart.
30.8%
% Correct
Red Lobster.
28.7%
He made it rain.
28.7%
Brown ones with snowflakes.
20.5%
The bouquet and a bottle of champagne.
14%
She sat in a cake.
11.3%
A fondue party
5.7%
Lily peed in front of Marshall.
4.3%

You're not logged in!

Compare scores with friends on all Sporcle quizzes.
Join for Free
OR
Log In

You Might Also Like...

Show Comments

Extras

Created Aug 14, 2011ReportNominate
Tags:HIMYM, Season 1

Top Quizzes Today


Score Distribution

Your Account Isn't Verified!

In order to create a playlist on Sporcle, you need to verify the email address you used during registration. Go to your Sporcle Settings to finish the process.

Report this User

Report this user for behavior that violates our Community Guidelines.

Details: